000 00627nam a2200217 u 4500
005 20240508064305.0
008 120921s2007 mx r 000 0 spa d
020 _a9687957905
035 _aUPN01000186771
049 _aI
050 4 _aQB631
_bR6.3
100 1 _aRoca Soto, Núria
_932719
245 1 4 _aLas 4 estaciones /
_cNúria Roca ; il. Rosa Ma. Curto.
260 _aMéxico :
_bEdebé,
_c2007.
300 _a143 p. :
_bil. col.
440 1 _a¿Qué sabes de...?
500 _aTítulo tomado de la cubierta
650 4 _aEstaciones del año
_vLiteratura infantil
_924633
905 _aLibro
999 _c158874
_d158874